| 000 | 00604nab a2200217 a 4500 | ||
|---|---|---|---|
| 005 | 20230302063630.0 | ||
| 008 | 991125s1985 mx 000 0 spa u | ||
| 035 | _aUPN01000139016 | ||
| 100 | 1 |
_aFeito Alonso, Rafael, _d1961- _937369 |
|
| 222 | _aREVISTA DE EDUCACION | ||
| 245 | _aEducación, nuevas tecnologías y globalización | ||
| 260 | _aMadrird, España | ||
| 300 | _a191-199 | ||
| 362 | 0 | _a2001 No. extraordinario | |
| 653 | 0 | _aCONOCIMIENTO | |
| 653 | 0 | _aDESARROLLO ECONOMICO | |
| 653 | 0 | _aNUEVAS TECNOLOGIAS | |
| 653 | 0 | _aINTERNET | |
| 653 | 0 | _aAUTOAPRENDIZAJE | |
| 905 | _aArticulo | ||
| 999 |
_c111164 _d111164 |
||